| 000 | ncm a22 a 4500 | ||
|---|---|---|---|
| 999 |
_c350796 _d350796 |
||
| 003 | BLK | ||
| 005 | 20200408164835.0 | ||
| 008 | 200402b bu ||||| |||| 00| 0 bu d | ||
| 040 | _aBLK | ||
| 041 |
_aBUL _cBUL |
||
| 080 |
_aВокална музика _b784 |
||
| 080 |
_aЗа китара _b787.61 |
||
| 139 |
_9 _aПесни стихи Роберта Рождественского _bП 38 |
||
| 245 |
_aПесни на стихи Роберта Рождественского _bДля голоса в сопровождении гитары _cРобърт Рождественски; съст. Наталья Грешищева |
||
| 260 |
_9402764 _aМосква _bМузыка _c1982 |
||
| 300 |
_a224 с. _c28 см |
||
| 380 | _a7 | ||
| 650 | 7 |
_9158657 _aКитара |
|
| 653 | 0 |
_9403417 _aпесни за китара |
|
| 700 |
_91478 _aГрешищева, Наталья _eсъстав. |
||
| 852 |
_aМ II 9578 _bЦб |
||
| 942 |
_cNOT _n0 _s1 |
||
| 944 |
_aCR _c2020-04-02 _kК.Д. |
||
| 999 | _d350796 | ||
| 999 | _d350796 | ||
| 999 | _d350796 | ||